000 00660nam a2200217 i 4500
001 134767
003 ES-MaACL
005 20251015063131.0
007 t|
008 070913s1974 sp a |||| | spa d
100 1 _aYates, Frances Amelia,
_d1899-1981
_9157348
245 1 3 _aEl arte de la memoria /
_cFrances A. Yates ; versión de Ignacio Gómez de Liaño.
260 _a[Madrid] :
_bTaurus,
_c[1974]
300 _a451 p. :
_bil. ;
_c21 cm.
490 1 _aEnsayistas
650 0 4 _aMnemotecnia.
_915116
700 1 _aGómez de Liaño, Ignacio.
_957908
830 0 _aEnsayistas
_9177257
852 _aES-MaACL
_jE-6096
999 _c134767
_d134767